00501nam a2200145Ia 4500008004100000245012400041260001700165260000900182300000800191650002300199650001200222856002900234999001900263952007300282170516s9999 xx 000 0 und d aLongitudinal PET Imaging of Muscular Inflammation Using 18F-DPA-714 and 18F-Alfatide II and Differentiation with Tumors bTheranostics c2014 a4:5 xMedical Technology xMedtech uhttp://www.thno.org/v4i5 c330435d330435 001040aCLbCLd2017-05-16l0r2017-05-16 00:00:00w2017-05-16yFOJ